Histories of Violence: National Identity and Public Memory of Occupation and Terror in Estonia
| Titel: | Histories of Violence: National Identity and Public Memory of Occupation and Terror in Estonia |
|---|---|
| Verfasser: | |
| In: |
Representations on the margins of Europe, (2007), Seite 242-263, il. alle Artikel anzeigen |
| Veröffentlicht: | 2007 |
| Format: | Aufsatz |
| Sprache: | Englisch |
X
alg: 39218133
001A $01999:11-11-16
001B $01999:26-04-21 $t20:15:36.000
001D $01999:11-11-16
001U $0utf8
001X $00
002@ $0Aox
003@ $0392181339
007A $0392181339 $aHEB
007T $0Herdc0029263m
010@ $aeng
011@ $a2007
021A $aHistories of Violence: National Identity and Public Memory of Occupation and Terror in Estonia
028A $aFeest $dDavid
031A $h242-263, il. $j2007
039B $aIn $8--Aau--. Representations on the margins of Europe. - Frankfurt / Main {[u.a.] : Campus-Verl., 2007. - 354 S.. - Ill.. - ISBN 978-3-593-38241-8 $x200700000000000758 $9190827629
045F $a909 $eDDC23BSB
045F/01 $a909
045F/03 $g4798
lok: 39218133 78
exp: 39218133 78 1 #EPN
201B/01 $019-04-17 $t11:04:28.000
201U/01 $0utf8
203@/01 $0788277529
208@/01 $a11-11-16 $be
209A/01 $a/ $f000 $x00
220C/01 $aTitelaufnehmer: kk;sk
220C/01 $aHerkunft: HI Marburg
244Z/01 $2Trx $#Estija $#Igaunija $#Estland $#Estonia $#Estonia $#Estónsko $#Estonsko $8--Trx--Eesti $x01 $9391237225
244Z/01 $2Trx $#identiteedid, rahvuslikud $#tautinė tapatybė $#national identity $#identitás, nemzeti $#świadomość narodowa $#totožnosť národná $#identita národní $#Nationalbewußtsein $#tożsamość narodowa $#uvedomenie národné $#uvědomění národní $8--Trx--Identität, nationale $x02 $9391365169
244Z/01 $2Trx $#ajalooline teadlikkus $#istorinė sąmonė $#Historical consciousness $#történelmi eszmék $#świadomość historyczna $#vedomie historické $#vědomí historické $#Bewußtsein, historisches $#Erinnerungskultur $#kultura historyczna $#historické vedomie $8--Trx--Geschichtsbewußtsein $x03 $9391380877
244Z/01 $2Trx $#okupatsioonipoliitika, rahvussotsiaalne 1938-1945 $#fašistinė okupacinė politika 1938-1945 $#National-Socialist policies of occupation 1938-1945 $#megszállási politika, nemzetiszocialista $#okupacja hitlerowska 1938-1945 $#politika okupačná, nacistická 1938-1945 $#politika okupační, nacistická 1938-1945 $#polityka okupacyjna, hitlerowska 1938-1945 $8--Trx--Besatzungspolitik, nationalsozialistische$g1938-1945 $x04 $9391382608
244Z/01 $2Trx $#nõukogude okupatsioonipoliitika $#Sovietų Sąjungos okupacinė politika $#Soviet policies of occupation $#megszállási politika, szovjet $#polityka okupacyjna, sowiecka $#politika okupačná, sovietska $#politika okupační, sovětská $8--Trx--Besatzungspolitik, sowjetische $x05 $9391367412
244Z/01 $6_ys00274_ys01018 $x06
244Z/01 $2Trx $8--Trx--Einzelbeiträge $x07 $9391384570
245Z/01 $a07.04 $x01
247C/01 $82080>Marburg/Lahn, Herder-Institut, Forschungsbibliothek, Bibliographieportal $9336309341
| LEADER | 00000caa a22000002c 4500 | ||
|---|---|---|---|
| 001 | 392181339 | ||
| 003 | DE-603 | ||
| 005 | 20210426201536.0 | ||
| 007 | tu | ||
| 008 | 161111s2007 xx |||| | u00||u|eng c | ||
| 035 | |a (DE-599)HEB392181339 | ||
| 040 | |a DE-603 |b ger |c DE-603 |d DE-603 | ||
| 041 | |a eng | ||
| 082 | 0 | 4 | |8 1\u |a 909 |q DE-101 |2 23/BSB |
| 085 | |8 1\u |b 909 | ||
| 085 | |8 1\u |z 2 |s 4798 | ||
| 100 | 1 | |a Feest, David | |
| 245 | 0 | 0 | |a Histories of Violence: National Identity and Public Memory of Occupation and Terror in Estonia |
| 264 | 0 | |c 2007 | |
| 773 | 0 | 8 | |i In |t Representations on the margins of Europe |d Frankfurt / Main [u.a.] : Campus-Verl., 2007 |h 354 S., Ill. |z 9783593382418 |g (2007), Seite 242-263, il. |w (DE-603)190827629 |
| 924 | 0 | |9 2080 |a (DE-603)788277529 |b DE-2080 |c HES |d d |g / | |


